Countries that eat the spiciest food - Statistics

General Stats
  • This quiz has been taken 143 times
  • The average score is 6 of 10
Answer Stats
Hint Answer % Correct
Asia India
99%
North America Mexico
93%
Asia China
92%
Asia Thailand
86%
Asia Malaysia
64%
Asia Sri lanka
58%
North America Jamaica
57%
Africa Ethiopia
46%
Asia Bhutan
28%
Africa Tunisia
25%
No matching quizzes found
Score Distribution
Percent of People with Each Score
Percentile by Number Answered
Your Score History
You have not taken this quiz